20 deadliest battles of WW1 - Statistics

General Stats
  • This quiz has been taken 1,578 times
  • The average score is 5 of 20
Answer Stats
Answer % Correct
Battle of the Somme: 1,219,201 casualties
94%
Battle of Verdun: 976,000 casualties
89%
1st Battle of Ypres: 210,000 casualties
58%
1st Battle of the Marne: 483,000 casualties
56%
Battle of Gallipoli: 473,000+ casualties
49%
Battle of Tannenberg: 145,000+casualties
35%
10th Battle of the Isonzo: 200,000 casualties
27%
Battle of Passchendaele: 848,614 est. casualties
27%
Battle of Cambrai: 95,000 casualties
16%
Battle of Caporetto: 60,000 casualties
16%
Battle of Galicia: 645,000+ casualties
15%
Battle of Arras: 278,000 casualties
14%
2nd Battle of Champagne: 75,000-440,000 casualties
9%
2nd Battle of the Aisne: 355,000 casualties
9%
Battle of Lodz: 130,000 casualties
6%
2nd Battle of Artois: 186,000 casualties
4%
Battle of Kolubara: 405,000 casualties
3%
Battle of Messines: 42,000 casualties
3%
Battle of Reims: 288,000 casualties
3%
Battle of Asiago: 250,000 casualties
2%
No matching quizzes found
Score Distribution
Percent of People with Each Score
Percentile by Number Answered
Your Score History
You have not taken this quiz